000 00596nam#a2200205#c#4500
003 IEF
005 20180219154816.0
008 941205s1986 uuu####fr####| 0||u| |u
040 _aIEF
100 1 _aBuiter, Willem H.
_949912
245 _aFiscal prerequisites for a viable managed exchange rate regime : anon technical eclectic introduction
260 _aCambridge (Mass.)
_b NBER
_c1986
300 _a117 p. ; gráf.
_c gráf. ; 23 cm
500 _aBibliografía
490 _aNBER. Reprint ; 869
650 4 _aCAMBIO EXTERIOR
_933503
942 _cLIB
942 _z34958
999 _c43530
_d43530